• 首页
  • 本馆介绍
  • 公告通知
  • 最新文献
  • 馆藏检索
  • 电子资源
  • 读者导购
  • 参考咨询
  • 我的图书馆
  • 登录
  • 详细信息显示
  • 放入我的书架
  • 预约/预借图书
  • 作者相关作品
  • 分类相关作品
  • 丛书相关作品
  • 出版社相关作品

书目信息

  • 表格格式
  • 工作单格式
  • 卡片格式
题名:
中外学者文选学论著索引
    
 
作者: 俞绍初 , 许逸民 主编
分册:  
出版信息: 北京   中华书局  1998
页数: 319页
开本: 21cm
丛书名:
单 册:
中图分类: Z89:I206.2
科图分类:
主题词: 古典文学--文学研究--题录索引--中国
电子资源:
ISBN: 7-101-01407-0
000 00648nam0 2200205 45
001 0401262202
005 20040127002348.3
010    @a7-101-01407-0@dCNY17.00
100    @a20040126d1998 km y0chiy0120 ea
101 0  @achi
105    @a z 000yy
200 1  @a中外学者文选学论著索引@AZhong Wai Xue Zhe Wen Xuan Xue Lun Zhu Suo Yin@f俞绍初,许逸民主编@FYu Shao Chu,Xu Yi Min Zhu Bian
210    @a北京@c中华书局@d1998
215    @a319页@d21cm
606 0  @a古典文学@x文学研究@x题录索引@y中国
690    @aZ89:I206.2@v4
701  0 @a俞绍初@4主编
701  0 @a许逸民@4主编
801    @aCN@bTSTCL@c20040126
905    @b332490-492@dZ89:I206.2@e113@f3
    
    中外学者文选学论著索引/俞绍初,许逸民主编.-北京:中华书局,1998
    319页;21cm
    
    
    ISBN 7-101-01407-0:CNY17.00
    
●
相关链接 在E读中查询图书 在五车中查询图书 在当当中查询图书 在豆瓣中查询图书


正题名:中外学者文选学论著索引     索取号:Z89:I206.2/113         预约/预借

序号 登录号 条形码 馆藏地/架位号 状态 备注
1 0332490   203324900   第三借阅区/ [索取号:Z89:I206.2/113] 在馆    
2 0332491   203324919   第三借阅区/ [索取号:Z89:I206.2/113] 在馆    
3 0332492   203324928   第二样本阅览室/ [索取号:Z89:I206.2/113] 在馆    
唐山师范学院图书馆 欢迎您!
大连网信软件有限公司© 版权所有